| 000 | 00393nam a22001457a 4500 | ||
|---|---|---|---|
| 008 | 250320b |||||||| |||| 00| 0 eng d | ||
| 020 | _a9780323400626 | ||
| 050 |
_aRK307 _b.O73 |
||
| 245 | _aOral pathology for the dental hygienist with general pathology introductions | ||
| 250 | _a7th | ||
| 260 |
_aMissouri _bElsevier _c2018 |
||
| 300 | _axvi,361p | ||
| 650 | _aMouth-Diseases | ||
| 942 | _cBK | ||
| 999 |
_c2548 _d2548 |
||